000 00613nam a2200181 a 4500
001 000023461
005 20200930022233.0
008 101208s1976 mx d r 000 0 spa d
040 _aDO-SdBNP
_bspa
_cBNPHU
082 _axxxx
_bK766d
100 1 _aKocher, James E.
_948347
245 1 0 _adesarrollo rural :
_bdistribución del ingreso y disminución de fecundidad /
_cJames E. Kocher ; traducción Manuel Arbolí.
260 _aMéxico, D. F. :
_bLimusa,
_c1976.
300 _a131 p. :
_bdiag. ;
_c23 cm.
500 _aIncluye bibliografía p. [119-131].
700 1 _aArbolí, Manuel,
_etr.
_948348
049 _aBNGR
999 _c22957
_d22957